| 000 | 00918nam a2200229 i 4500 | ||
|---|---|---|---|
| 001 | 69747 | ||
| 003 | ES-MaACL | ||
| 005 | 20250730024613.0 | ||
| 007 | t| | ||
| 008 | 040709s1914 sp ||||1| spa d | ||
| 100 | 1 |
_aGarcía y Gómez, Nieves. _955439 |
|
| 245 | 1 | 4 |
_aLas colonias escolares y las escuelas al aire libre en su aplicación al mejoramiento de la salud y de la enseñanza primaria / _cpor Nieves García y Gómez. |
| 260 |
_aMadrid : _bSociedad Española de Higiene, _c1914 ( _fTip. y Lit. de A. Ungría) |
||
| 300 |
_a33 p. : _bil. ; _c20 cm. |
||
| 490 | 1 |
_aLegado Roel: Colección de memorias premiadas ; _v16 |
|
| 594 | _aConcurso de 1914-1915. | ||
| 650 | 4 |
_aColonias escolares- _zEspaña. _9148577 |
|
| 710 | 2 |
_aSociedad Española de Higiene. _96725 |
|
| 830 | 1 | 0 |
_aLegado Roel: Colección de memorias premiadas _v16 _9183286 |
| 852 |
_aES-MaACL _jT-1428-F-9 |
||
| 999 |
_c69747 _d69747 |
||